LEADER 00873nam a2200229 i 4500 001 000000037230 003 CaOOAMICUS 005 20240214095402.0 008 071211s1928 it u000 u ita u 013 $a7454 040 $aSeMil$bita 245 13$aIl vocabolario dannunziano /$cG.L. Passerini. 260 $aFirenze :$bSansoni,$cstampa 1928. 300 $aVII, 971 p., [2] p. di tav. ;$c17 cm. 500 $aIn mezzo al front : Con un autografo e un ritratto del poeta. 650 04$aD'Annunzio, Gabriele <1863-1938> - Opere.$0(OLS)http://semarc/subject/2300 850 $aSeMil 852 $aSeMil$W1$xVenegono$y1$m1Q II 59$j3385$B3385$CSeMilBibl$Z2$F3385 $81 961 $aOmaggio: Deposito 996 $6245$aIl vocabolario dannunziano$9(OLS)http://semarc/title/52026 996 $6260$aFirenze :$bSansoni$9(OLS)http://semarc/publisher/29843 LEADER 00886nam a2200229 i 4500 001 000000166154 003 CaOOAMICUS 005 20161129000000.0 008 161129s1992 it u000 u ita u 013 $a143522 040 $aSeMil$bita 100 1 $aGiordani, Bruno,$c.$0(OLS)http://semarc/name/4978 245 13$aIl colloquio psicologico nella direzione spirituale /$cBruno Giordani. 250 $a2. ed. ampliata. 260 $aRoma :$bRogate,$c1992. 300 $a218 p. ;$c21 cm. 650 4$aDirezione spirituale.$0(OLS)http://semarc/subject/2829 850 $aSeMil 852 $aSeMil$W1$xVenegono$y1$m2O II 483$j117325$B117325$CSeMilBibl$Z2$F216493 $81 961 $aOmaggio: Gallivanone don Franco 996 $6245$aIl colloquio psicologico nella direzione spirituale$9(OLS)http://semarc/title/237315 996 $6260$aRoma :$bRogate$9(OLS)http://semarc/publisher/31830